LEADER 01094nam a2200229 i 4500 001 000000059719 003 CaOOAMICUS 005 20131115000000.0 008 131115s1955 it u000 u ita u 013 $a30891 040 $aSeMil$bita 100 1 $aGregory, Tullio,$d<1929-2019>.$0(OLS)http://semarc/name/16 245 10$aAnima mundi :$bla filosofia di Guglielmo di Conches e la scuola di Chartres /$cTullio Gregory. 260 $aFirenze :$bSansoni,$cstampa 1955. 300 $a294 p. ;$c25 cm. 490 0 $aPubblicazioni dell'Istituto di filosofia dell'Università di Roma ;$v3. 600 04$aGuillaume : de Conches .$0(OLS)http://semarc/subject/57884 830 0$aPubblicazioni dell'Istituto di filosofia dell'Università di Roma ;$v3.$0(OLS)http://semarc/title/15340 850 $aSeMil 852 $aSeMil$W1$xVenegono$y1$m2N I 210$j25872$B25872$CSeMilBibl$Z2$F25875 $81 996 $6245$aAnima mundi :$bla filosofia di Guglielmo di Conches e la scuola di Chartres$9(OLS)http://semarc/title/93354 996 $6260$aFirenze :$bSansoni$9(OLS)http://semarc/publisher/29843 LEADER 00954nam a2200229 i 4500 001 000000229116 003 CaOOAMICUS 005 20140428000000.0 008 140428s1975 xx u000 u ger u 013 $a208018 020 $a3-7887-0436-5 040 $aSeMil$bita 100 1 $aBaltzer, Klaus,$d<1928- >.$0(OLS)http://semarc/name/78928 245 14$aDie Biographie der Propheten /$cKlaus Baltzer. 260 $aNeukirchen-Vluyn :$bNeukirchener,$c1975. 300 $a220 p. ;$c21 cm. 650 4$aBibbia. Antico Testamento. Profeti - Commentari, studi, critica, interpretazioni.$0(OLS)http://semarc/subject/9887 850 $aSeMil 852 $aSeMil$W1$xVenegono$y1$m2Y II 1$j179462$B179462$CSeMilBibl$Z2$F190561 $81 996 $6020$a3-7887-0436-5$9(OLS)http://semarc/number/231461 996 $6245$aDie Biographie der Propheten$9(OLS)http://semarc/title/327782 996 $6260$aNeukirchen-Vluyn :$bNeukirchener$9(OLS)http://semarc/publisher/29645